000
00392nam a22001097a 4500
082
_a
800
100
_a
नागर,अमृतलाल
245
_a
एक साहित्य सांस्थानिक व्यक्तित्व
260
_a
जयपुुर
_b
साहित्यागार
_c
2023
650
_a
साहित्य
942
_c
HIN
999
_c
66746
_d
66746